Kisah wali-wali allah (4)
| Main Author: | |
|---|---|
| Format: | Book |
| Published: |
Kuala Lumpur :
Syarikat Nurulhas ,
19--?
|
| Subjects: |
MARC
| LEADER | 00000cam a2200000 7i4500 | ||
|---|---|---|---|
| 001 | 0000008817 | ||
| 002 | 000009614 | ||
| 005 | 20000330.0 | ||
| 020 | |a 9838380741 | ||
| 090 | 0 | 0 | |a 297.61 |b ABD |
| 100 | 0 | |a Abdullah bin As'ad Ali | |
| 245 | 1 | 0 | |a Kisah wali-wali allah (4) |
| 260 | |a Kuala Lumpur : |b Syarikat Nurulhas , |c 19--? | ||
| 300 | |a 209 p. : |b 21 cm | ||
| 650 | 0 | 0 | |a God (Islam) |
| 999 | |a 043948 |b BUKU |c PINJAMAN |e PERPUSTAKAAN KOMUNITI PETALING JAYA | ||
| 999 | |a 046383 |b BUKU |c PINJAMAN |e PERPUSTAKAAN KOMUNITI CAW KOTA DAMANSARA | ||